| 000 | 00575nam a22001937a 4500 | ||
|---|---|---|---|
| 003 | Ost | ||
| 005 | 20260225040309.0 | ||
| 008 | 260225b |||||||| |||| 00| 0 eng d | ||
| 020 | _a9783319505329 | ||
| 040 | _cBT-PhCST | ||
| 050 | _a25603-25604 | ||
| 082 |
_222 _a621.319 _bGON |
||
| 100 | _aGonzalez, Francisco Longatt. | ||
| 245 | _aAdvanced smart grid functionalities based on powerfactory / | ||
| 260 |
_aSwitzerland : _bSpringer International Publishing, _cc2018. |
||
| 300 |
_axii, 371 p. : _bill. ; _c27 cm. |
||
| 700 | _aLuis, Jose Rueda Torres. | ||
| 942 |
_2ddc _cEE |
||
| 999 |
_c10128 _d10128 |
||